| 000 | 00610nam a22002057a 4500 | ||
|---|---|---|---|
| 003 | OSt | ||
| 005 | 20260112030806.0 | ||
| 008 | 260112b |||||||| |||| 00| 0 eng d | ||
| 020 | _a9-7155-5425-3 | ||
| 040 |
_aDWCL - Main Lib _cOC |
||
| 082 | _aRes. 808.83 A668u 2002 | ||
| 100 | _aArcellana, Juaniyo | ||
| 245 |
_aUnder the breadfruit tree: _bpoems and stories / _cJuaniyo Arcellana |
||
| 260 |
_aManila: _bDe La Salle University Press, Inc., _cc2002. |
||
| 300 |
_avii, 106p.: _c23cm. |
||
| 504 | _a1.Includes glossary. | ||
| 650 | _a1.Poems. | ||
| 650 | _a2.Stories. | ||
| 942 |
_2ddc _cBK-0 CIRC _mRes. _n0 |
||
| 999 |
_c7267 _d7267 |
||